Sports Quiz

Random Sports or Spanish Quiz

Zarra Trophy winners Quiz Stats

 Plays Quiz not verified by Sporcle

Score 0/14 Timer 10:00
1 Play Today
Year Player name % Correct
2005–06David Villa
89.2%
2006–07David Villa
89.2%
2008–09David Villa
89.2%
2009–10David Villa
89.2%
2013–14Diego Costa*
72.1%
2011–12Roberto Soldado & Fernando Llorente
61.6%
2016–17Iago Aspas
57.7%
Year Player name % Correct
2014–15Aritz Aduriz
56.4%
2015–16Aritz Aduriz
56.4%
2010-11Álvaro Negredo
54.7%
2012–13Álvaro Negredo
54.7%
2017–18Iago Aspas
50%
2018–19Iago Aspas
50%
2007–08Daniel Güiza
49.4%

You're not logged in!

Compare scores with friends on all Sporcle quizzes.
OR
Log In

Sporcle TV

Today on Sporcle TV


Watch our educational content, quiz creation guides, and fun videos on Sporcle TV.

Show Comments

Extras

Top Quizzes Today


Score Distribution

Your Account Isn't Verified!

In order to create a playlist on Sporcle, you need to verify the email address you used during registration. Go to your Sporcle Settings to finish the process.

Report this User

Report this user for behavior that violates our Community Guidelines.

Details: